Čo má občan za svoje dane?

Pojem daň. Druhy daní na Slovensku. Cieľ daňovej reformy. Priame a nepriame dane. Daňové a odvodové zaťaženie na Slovensku. Prehľad hlavných zmien v daniach a odvodoch. Daňová reforma v roku 2004. Konsolidované príjmy a výdavky verejnej správy SR.

Gespeichert in:
Bibliographische Detailangaben
1. Verfasser: Sotník, Alexander
Format: Buchkapitel
Sprache:Slowakisch
Schlagworte:
Tags: Tag hinzufügen
Keine Tags, Fügen Sie das erste Tag hinzu!

MARC

LEADER 00000naa$a2200000$$$4500
001 0003216
005 20230920090918.1
041 0 |a slo 
044 |a SK 
245 1 0 |a Čo má občan za svoje dane?  |c aut. Alexander Sotník 
520 |a Pojem daň. Druhy daní na Slovensku. Cieľ daňovej reformy. Priame a nepriame dane. Daňové a odvodové zaťaženie na Slovensku. Prehľad hlavných zmien v daniach a odvodoch. Daňová reforma v roku 2004. Konsolidované príjmy a výdavky verejnej správy SR. 
610 2 0 |a reformy daňové 
610 2 0 |a dane rovné 
610 2 0 |a financie verejné 
610 2 0 |a dlhy štátne 
610 2 0 |a Slovensko 
610 2 0 |a daňovníci 
610 2 0 |a sadzby daňové 
100 1 |a Sotník, Alexander